| 000 | 00841nam a2200265 a 4500 | ||
|---|---|---|---|
| 001 | 10018 | ||
| 003 | CO-ViMGA | ||
| 008 | 141112s2004 ck r 000 u spa d | ||
| 020 | _a9580800146 | ||
| 040 |
_aCO-ViMGA _bspa _cCO-ViMGA |
||
| 082 | 0 | 4 | _a641.5 G74g V.2 |
| 245 | 1 | 0 |
_aLa Cocina Colombiana : _bGuía práctica y recetario |
| 260 |
_aSantafé de Bogotá : _bCirculo de Lectores, _c1995 |
||
| 300 | _a221p. : il. color | ||
| 500 | _aRecopilación de tradiciones de cada región de nuestra geografía. | ||
| 650 | 1 | 4 |
_aANTIOQUIA _912490 |
| 650 | 1 | 4 |
_aBOYACA Y CUNDINAMARCA _912491 |
| 650 | 1 | 4 |
_aCOSTA ATLANTICA _912492 |
| 650 | 1 | 4 |
_aCOSTA PACIFICA _912493 |
| 650 | 1 | 4 |
_aLLANOS Y AMAZONIA _912494 |
| 650 | 1 | 4 |
_aSANTANDERES _912495 |
| 650 | 1 | 4 |
_aTOLIMA Y HUILA _912496 |
| 650 | 1 | 4 |
_aVALLE, CAUCA Y NARIÑO _912497 |
| 942 |
_2ddc _cBK |
||
| 999 |
_c21394 _d21394 |
||